東京メトロ 行先クイズ - Statistics

General Stats
  • This quiz has been taken 3,927 times
    3,925 since last reset
  • The average score is 66 of 97
Answer Stats
Hint 答える % Correct
銀座線 渋谷
97%
渋谷
97%
渋谷
97%
池袋
94%
池袋
94%
浅草
93%
中野
93%
新宿
91%
北千住
90%
北千住
90%
丸ノ内線 荻窪
89%
方南町
87%
日比谷線系統 中目黒
87%
西船橋
87%
綾瀬
85%
代々木上原
85%
上野
84%
東西線系統 三鷹
84%
押上
82%
東武動物公園
80%
北綾瀬
80%
東武動物公園
80%
中野坂上
79%
南栗橋
79%
半蔵門線 中央林間
79%
南栗橋
79%
和光市
79%
東葉勝田台
78%
我孫子
78%
千代田線 取手
76%
目黒
76%
赤羽岩淵
75%
久喜
74%
久喜
74%
新宿三丁目
73%
73%
松戸
73%
浦和美園
73%
新宿三丁目
73%
南北線系統 日吉
72%
副都心・有楽町線系統 新木場
71%
中野富士見町
70%
長津田
70%
東陽町
68%
元町・中華街
68%
茗荷谷
67%
恵比寿
67%
津田沼
67%
武蔵小杉
67%
横浜
67%
武蔵小杉
67%
南千住
66%
森林公園
66%
北越谷
65%
向ヶ丘遊園
65%
北越谷
65%
白金高輪
65%
成城学園前
64%
妙典
63%
本厚木
63%
川越市
62%
飯能
61%
小川町
61%
伊勢原
60%
半蔵門
60%
相模大野
59%
清澄白河
59%
菊名
59%
九段下
58%
明治神宮前
58%
鷺沼
58%
青山一丁目
58%
所沢
58%
小手指
57%
竹ノ塚
56%
北春日部
56%
永田町
56%
豊洲
56%
広尾
55%
水天宮前
54%
六本木
53%
石神井公園
53%
志木
53%
箱根湯本
51%
元住吉
51%
八千代緑が丘
50%
西武秩父
49%
王子神谷
48%
霞ケ関
47%
鳩ケ谷
47%
保谷
47%
奥沢
46%
駒込
45%
片瀬江ノ島
44%
清瀬
43%
麻布十番
35%
市ケ谷
32%
No matching quizzes found
Score Distribution
Percent of People with Each Score
Percentile by Number Answered
Your Score History
You have not taken this quiz since the last reset